Prínos operačného programu Životné prostredie v rokoch 2007-2012 na podporu regionálnych energetických politík

Salvato in:
Dettagli Bibliografici
Autore principale: Ručinský, Rastislav
Natura: Capitolo di libro
Lingua:slovacco
Tags: Aggiungi Tag
Nessun Tag, puoi essere il primo ad aggiungerne!!

MARC

LEADER 00000nla a2200000 4500
001 0183935
005 20240502073142.6
041 0 |a slo 
044 |a SK 
245 1 0 |a Prínos operačného programu Životné prostredie v rokoch 2007-2012 na podporu regionálnych energetických politík  |c Rastislav Ručinský 
500 |a Abstrakt 
100 1 |a Ručinský, Rastislav